| 000 | 014660000a22002770004500 | ||
|---|---|---|---|
| 001 | 46918 | ||
| 010 | _a972-21-1078-0 | ||
| 100 | _a20151209d1996 k y0pory5003 ba | ||
| 101 | 0 | _apor | |
| 102 | _aPT | ||
| 200 | 1 |
_aEstórias de dentro de casa _enovelas _fGermano Almeida |
|
| 210 |
_aLisboa _cCaminho _d1996 |
||
| 215 | _a208, [9] p. | ||
| 225 | 2 |
_aUma terra sem amos _v78 |
|
| 327 | 0 | _aProjeto de leitura 12.ª ano | |
| 330 | _a"Estórias de dentro de casa" inclui três novelas: "In memoriam", "As mulheres de João Nuno" e "Agravos de um artista". Em todas elas está presente uma particular visão dos homens (e das mulheres) - uma visão filtrada pelo sentido de humor próprio de Germano Almeida. Vícios, ambições desmedidas, agravos, necessidades comezinhas, vaidades feridas, convenções sociais obsoletas mas pertinazes, constituem um modo muito próprio do autor. Um mundo em que se reconhece, pelo exterior, o cabo-verdiano, e onde nos descobrimos, bem no fundo da alma de cada personagem, todos nós. Livro recomendado PNL2027 - Antes 2017 - dos 15-18 anos - Fluente. (BESJAC) | ||
| 606 | _aLiteratura africana de expressão portuguesa | ||
| 606 | _aNovelas | ||
| 606 | _aPNL | ||
| 606 | _aProjeto de leitura 12.º ano | ||
| 675 |
_a83 _zpor |
||
| 675 |
_a821.134.3(665.8)-32"19/20" _vBN _zpor |
||
| 700 | 1 |
_aAlmeida _bGermano _f1945- |
|
| 090 | _a46918 | ||
| 942 |
_cMON _n0 |
||
| 999 | _a46918 | ||